| 000 | 00537nam a2200193Ia 4500 | ||
|---|---|---|---|
| 005 | 20250425161915.0 | ||
| 008 | 250425s9999 xx 000 0 und d | ||
| 041 | _aeng | ||
| 082 | _a425 | ||
| 245 | 0 | _aBASIC ENGLISH GRAMMAR: MODULO III | |
| 250 | _aS.E. | ||
| 260 |
_aEcuador _bESPOL |
||
| 260 | _aGUAYAQUIL | ||
| 500 | _aREPRODUCCION DE LOS LIBROS ORIGINALES QUE UTILIZA EL CELEX PARA LOS MODULOS DE INGLES | ||
| 650 | _aGRAMATICA DEL INGLES STANDART | ||
| 650 | _aINGLES BASICO-EJERCICIOS | ||
| 942 | _c01 | ||
| 010 | _a34468 | ||
| 999 |
_c218570 _d218570 |
||